| 000 | 00997 a2200205 4500 | ||
|---|---|---|---|
| 001 | 33616 | ||
| 005 | 20260407155627.0 | ||
| 008 | 260407a1966 arg spa d | ||
| 003 | AR-UNSa-BCEJYS | ||
| 040 |
_aAR-UNSa-BCEJYS _bspa _cAR-UNSa-BCEJYS |
||
| 080 |
_a368.022 _xContratos de seguros en general |
||
| 245 | 1 | 0 | _aContratos de seguros |
| 250 | _a2a. ed | ||
| 264 | 1 |
_aBuenos Aires : _bDepalma _c1966 |
|
| 300 |
_a596 p. _c22 cm. |
||
| 505 | _a1. Concepto, naturaleza, definición, clasificación y elementos del contrato de seguro - 2. La empresa de seguros, control del estado intermediarios - 3. Celebración del contrato de seguro, reticencia - 4. Obligaciones y cargas del asegurado - 5. Obligaciones del asegurador - 6. El beneficio en el seguro de personas - 7. Interés asegurable - 8. Siniestro - 9. Cesión, prenda, embargo - 10. Recesión, cesión de cartera, quiebra - 11. Prescripción. | ||
| 942 | _cBK | ||
| 590 | _aniveau_biblio:m niveau_hierar:0 | ||
| 100 | 1 | _aHalperin, Isaac | |
| 999 |
_c2373 _d2373 |
||